3 indices, 1 sport - Statistiques

Statistiques générales
  • Ce quiz a été pris 336 fois
  • Le résultat moyen est 22 sur 40
Statistiques - réponses
Indices Sport % Correct
Ligne ; Papillon ; Plongeon Natation
99%
Dunk ; Panier ; Lakers Basket-Ball
98%
Ballon ; Filet ; Lucarne Football
95%
Ace ; Avantage ; Terre Battue Tennis
93%
Ski ; Mass Start ; Carabine Biathlon
83%
Haie ; Piste ; Bolt Athlétisme
81%
Lebrun ; Revêtement ; Bois Tennis de table
79%
Volant ; Tension ; 21 points Badminton
75%
Gants ; KO ; Round Boxe
75%
Ovale ; Transformation ; Mélée Rugby
75%
Mur ; Prise; Grimpe Escalade
71%
Casque ; Fleuret ; Sabre Escrime
71%
Nager ; Pédaler ; Courir Triathlon
71%
Batte ; Gants ; Homerun Baseball
70%
Tutu ; Musique ; Art Danse
70%
Ngapeth ; Smash ; Main Volley
70%
Poches ; Bille Noire ; Queue Billard
69%
Putt ; Trou ; Fairway Golf
69%
Poutre ; Anneau ; Tapis Gymnastique
68%
Bib ; Obut ; Marseille Pétanque
68%
Course ; 42,195 km ; Kipchoge Marathon
65%
Glace ; Triple Axel ; Papadakis Patinage artistique
62%
Hauteur ; Bubka ; Élan Saut à la perche
59%
Magasin de sport ; Mayer ; Lancer de poids Décathlon
56%
Circuit ; Vitesse ; Yas Marina Formule 1
55%
Rampe ; Roulettes ; Figure Skateboard
53%
Barre ; Poids ; Soulever Haltérophilie
51%
Raquette ; Vitre ; Filet Padel
50%
Poudlard ; Balai ; Souafle Quidditch
50%
Portes ; Pagaie ; Eau Canoë-Kayak
48%
Immeuble ; Saut ; Obstacle Parkour
35%
Cerf-volant ; Vague ; Vent Kitesurf
34%
Boue ; Obstacle ; Van Der Poel Cyclo-cross
20%
147 ; Bille Rose ; O'Sullivan Snooker
15%
Aéroscreen ; États-Unis ; Indianapolis IndyCar
10%
Sport japonais ; Énergie ; Harmonie Aïkido
7%
Fauteuil ; Lamirault ; Jeux Paralympiques Handisport
6%
Holeshot Device ; Agostini ; Slider MotoGP
6%
Agilité ; Force ; Souplesse CrossFit
3%
Psychique ; Autisme ; Global Games Sport Adapté
1%
Aucun quiz correspondant
Distribution des résultats
% des personnes avec chaque résultat
Percentile par nombre de réponses
Votre historique - résultats
Vous n’avez pas pris ce quiz